|
|
|
|
| LEADER |
00967nam a22002892a 4500 |
| 001 |
000878146 |
| 003 |
CZ BrMZK |
| 005 |
20080228111132.0 |
| 007 |
ta |
| 008 |
071206s1987 xr a er 000 0 cze d |
| 015 |
|
|
|a cnb000040810
|
| 020 |
|
|
|q (Brož.) :
|c Kčs 12,00
|
| 035 |
|
|
|a (OCoLC)39430305
|
| 040 |
|
|
|a BOA001
|b cze
|
| 080 |
9 |
|
|a 687.13.016/.02
|
| 100 |
1 |
|
|a Tučná, Lucie,
|d 1952-
|7 mzk2002157013
|4 aut
|
| 245 |
1 |
0 |
|a Dětské oblečení od jara do zimy :
|b pro šestileté až patnáctileté /
|c Lucie Tučná ; foto Petra Skoupilová
|
| 260 |
|
|
|a Praha :
|b Mona,
|c 1987
|
| 300 |
|
|
|a 30 s. :
|b il. (některé barev.) ;
|c 34 cm
|
| 490 |
1 |
|
|a Lotos
|
| 700 |
1 |
|
|a Skoupilová, Petra,
|d 1944-2023
|7 jo20000082703
|4 ill
|
| 830 |
|
0 |
|a Lotos (Mona)
|0 s
|
| 910 |
|
|
|a BOA001
|b 4-0929.468
|
| 964 |
|
|
|a Oděvy - děti - návrhy - střihy
|
| 990 |
|
|
|a BK
|
| 991 |
|
|
|b 200712
|
| 996 |
7 |
|
|b 2619328790
|c 4-0929.468
|l MZK
|r Sklad / do 1 hodiny
|n 3
|w 000878146
|u 000010
|a 1
|e BOA001
|j MZK50
|s A
|